[Event "Rated Blitz tournament EYisW8gC"]
[Site "?"]
[Date "2021.07.20"]
[Round "?"]
[White "youareagmharry"]
[Black "iskander2007"]
[Result "1-0"]
[WhiteElo "2576"]
[BlackElo "2257"]
[PlyCount "131"]
[EventDate "2021.??.??"]
[EventType "blitz"]

1. e4 e5 2. Nf3 d5 3. exd5 e4 4. Qe2 f5 5. d3 Nf6 6. dxe4 fxe4 7. Nbd2 Be7 8.
Nxe4 Nxe4 9. Qxe4 O-O 10. Bd3 Bf5 11. Qc4 Bxd3 12. Qxd3 Bd6 13. O-O Nd7 14. Re1
Nc5 15. Qc4 a6 16. Be3 b5 17. Qg4 Nd7 18. Bd4 Nf6 19. Qe6+ Kh8 20. Ng5 Qe8 21.
Bxf6 gxf6 22. Qxe8 Raxe8 23. Nf7+ Kg7 24. Nxd6 cxd6 25. f4 f5 26. c3 Kf6 27.
Kf2 h5 28. Kf3 h4 29. a4 Rxe1 30. Rxe1 bxa4 31. Re6+ Kf7 32. Rxd6 Rb8 33. Rxa6
Rxb2 34. Rxa4 Rb3 35. Rc4 Ke7 36. Rc6 Kd7 37. g3 Rb5 38. c4 Rb3+ 39. Kg2 hxg3
40. hxg3 Rc3 41. c5 Rd3 42. Rd6+ Ke7 43. Kh3 Rd1 44. Kh4 Rc1 45. Rc6 Rc3 46.
d6+ Ke6 47. Rc7 Kf6 48. d7 Rd3 49. Rc6+ Ke7 50. Rd6 Rxd6 51. cxd6+ Kxd7 52. Kg5
Ke6 53. d7 Kxd7 54. Kxf5 Ke7 55. Kg6 Kf8 56. Kf6 Kg8 57. f5 Kf8 58. g4 Kg8 59.
Ke7 Kg7 60. f6+ Kg8 61. f7+ Kh7 62. f8=Q Kg6 63. Qf5+ Kg7 64. Qg5+ Kh8 65. Kf7
Kh7 66. Qh5# {Normal} 1-0

[Event "Rated Blitz game"]
[Site "?"]
[Date "2021.07.20"]
[Round "?"]
[White "taoneto"]
[Black "oJUNYHuTANGc0"]
[Result "1-0"]
[WhiteElo "2475"]
[BlackElo "2404"]
[PlyCount "97"]
[EventDate "2021.??.??"]
[EventType "blitz"]

1. e4 e5 2. Nf3 d5 3. exd5 e4 4. Qe2 Nf6 5. Nc3 Be7 6. Nxe4 O-O 7. d3 Qxd5 8.
Bd2 Nc6 9. Nc3 Qa5 10. O-O-O Bb4 11. Kb1 Re8 12. Be3 Bxc3 13. bxc3 Qxc3 14. Qd2
Qa3 15. Qc1 Qa4 16. Bd2 Be6 17. Qb2 Nd5 18. Ng5 Ncb4 19. Nxe6 Rxe6 20. d4 Rb6
21. Bc4 Nxc2 22. Bb3 Na3+ 23. Ka1 Qa6 24. Rc1 c6 25. Rhe1 Nb5 26. Rc4 h6 27.
Ra4 Qxa4 28. Bxa4 Nbc3 29. Bxc3 Rxb2 30. Bxb2 b5 31. Bb3 Nb6 32. Kb1 a5 33. a3
a4 34. Ba2 Kf8 35. f3 Rd8 36. Rc1 Rd6 37. Rc5 Nd7 38. Rf5 Nf6 39. g4 g6 40. Re5
Kg7 41. h4 Nd7 42. Re3 Nf6 43. g5 hxg5 44. hxg5 Nh5 45. d5+ Kf8 46. dxc6 Rxc6
47. Rc3 Rxc3 48. Bxc3 Nf4 49. Bb4+ {Time forfeit} 1-0

[Event "Rated Blitz game"]
[Site "?"]
[Date "2021.07.20"]
[Round "?"]
[White "kemelgallo"]
[Black "Accjgm980523"]
[Result "1-0"]
[WhiteElo "2563"]
[BlackElo "2533"]
[PlyCount "49"]
[EventDate "2021.??.??"]
[EventType "blitz"]

1. e4 e5 2. Nf3 d5 3. Nxe5 Nf6 4. exd5 Bd6 5. d4 O-O 6. Be2 Re8 7. O-O c5 8.
dxc6 Nxc6 9. f4 Qb6 10. Nxc6 bxc6 11. c3 c5 12. d5 c4+ 13. Kh1 Bf5 14. Nd2 Rad8
15. Nxc4 Qc7 16. Nxd6 Qxd6 17. Bf3 Nxd5 18. c4 Nb4 19. Qxd6 Rxd6 20. c5 Rd4 21.
a3 Nc2 22. Ra2 Rc4 23. b4 Rd8 24. c6 h6 25. b5 {Time forfeit} 1-0

[Event "Rated Rapid game"]
[Site "?"]
[Date "2021.07.19"]
[Round "?"]
[White "Tsalko_vadim"]
[Black "WarAndLose"]
[Result "1-0"]
[WhiteElo "2427"]
[BlackElo "2268"]
[PlyCount "39"]
[EventDate "2021.??.??"]
[EventType "rapid"]

1. e4 e5 2. Nf3 d5 3. exd5 e4 4. Nd4 Qxd5 5. Nb3 Nf6 6. Nc3 Qe5 7. Bc4 Bd6 8.
Qe2 Nc6 9. d3 O-O 10. Nxe4 Nd4 11. Nxd4 Qxd4 12. c3 Qb6 13. Nxf6+ gxf6 14. O-O
Be6 15. Bxe6 Rae8 16. Qg4+ Kh8 17. Bf5 Rg8 18. Qh4 Rg7 19. Bh6 Rgg8 20. Qxf6+ {
Normal} 1-0

[Event "Rated Blitz game"]
[Site "?"]
[Date "2021.07.19"]
[Round "?"]
[White "LarsenMagnus"]
[Black "BoomerAangie"]
[Result "1-0"]
[WhiteElo "2494"]
[BlackElo "2574"]
[PlyCount "113"]
[EventDate "2021.??.??"]
[EventType "blitz"]

1. e4 e5 2. Nf3 d5 3. Nxe5 Bd6 4. d4 dxe4 5. Qh5 Bxe5 6. Qxe5+ Kf8 7. Nc3 Nc6
8. Qc5+ Nge7 9. Be3 b6 10. Qa3 Nxd4 11. O-O-O c5 12. Nxe4 Bf5 13. Ng3 Bxc2 14.
Rd2 Bg6 15. Bc4 Kg8 16. Re1 Nec6 17. Bb5 Qc7 18. Bxc6 Qxc6 19. Qc3 Qa4 20. Bxd4
Qxa2 21. Rde2 f6 22. Bxf6 gxf6 23. Qxf6 Qb1+ 24. Kd2 Rf8 25. Qe6+ Bf7 26. Qg4+
Qg6 27. Nf5 Qxg4 28. Nh6+ Kg7 29. Nxg4 Rd8+ 30. Kc3 Rhe8 31. Rxe8 Rxe8 32. Rxe8
Bxe8 33. Ne5 Kf6 34. f4 Kf5 35. g3 Ke4 36. Kd2 h5 37. Ke2 b5 38. h3 c4 39. Nf3
b4 40. Ng5+ Kd4 41. Ne6+ Ke4 42. Nc5+ Kd5 43. Na6 Kc6 44. Nxb4+ Kb5 45. Nc2 c3
46. Na3+ Kb4 47. bxc3+ Kxa3 48. Ke3 Kb3 49. f5 Kxc3 50. f6 a5 51. f7 Bxf7 52.
g4 Be6 53. g5 Bxh3 54. g6 Bf5 55. g7 Bg6 56. g8=Q Bf7 57. Qxf7 {Time forfeit}
1-0

[Event "Rated Blitz game"]
[Site "?"]
[Date "2021.07.19"]
[Round "?"]
[White "Beutlin1"]
[Black "BrilliantGambiteer"]
[Result "0-1"]
[WhiteElo "2460"]
[BlackElo "2418"]
[PlyCount "44"]
[EventDate "2021.??.??"]
[EventType "blitz"]

1. e4 e5 2. Nf3 d5 3. exd5 Bd6 4. Bb5+ Bd7 5. Bxd7+ Nxd7 6. d3 f5 7. O-O Ngf6
8. Bg5 O-O 9. c4 h6 10. Bxf6 Qxf6 11. Nc3 Rae8 12. Qc2 a5 13. Rae1 Nc5 14. a3
g5 15. b4 axb4 16. axb4 Na6 17. b5 Nc5 18. Na4 Nxa4 19. Qxa4 e4 20. dxe4 fxe4
21. Nd2 Qf4 22. Qc2 Qxh2# {Normal} 0-1

[Event "Rated Blitz game"]
[Site "?"]
[Date "2021.07.19"]
[Round "?"]
[White "Dzhaer"]
[Black "Fantastic_power06"]
[Result "1-0"]
[WhiteElo "2413"]
[BlackElo "2757"]
[PlyCount "131"]
[EventDate "2021.??.??"]
[EventType "blitz"]

1. e4 e5 2. Nf3 d5 3. exd5 e4 4. Qe2 Nf6 5. d3 Qxd5 6. Nbd2 Nc6 7. Nxe4 Be6 8.
Nxf6+ gxf6 9. c3 O-O-O 10. Qe4 Qa5 11. Be2 Rg8 12. O-O Bd6 13. b4 Qh5 14. Nh4
Qe5 15. Qxe5 Nxe5 16. g3 Rde8 17. Be3 a6 18. d4 Nc4 19. a4 Bd5 20. Rfe1 Kb8 21.
Bd3 h5 22. Nf5 Be6 23. Nxd6 Nxd6 24. Bf4 h4 25. b5 Bc4 26. Rxe8+ Rxe8 27. Bxc4
Nxc4 28. gxh4 Kc8 29. h5 Re4 30. Bg3 Rg4 31. h3 Rg5 32. h6 Rg6 33. Re1 Kd7 34.
h7 Rh6 35. Re4 Rxh7 36. Rf4 Rh6 37. Rf5 a5 38. Rc5 Nd6 39. Rd5 Rxh3 40. b6 Ke6
41. bxc7 Kxd5 42. Bxd6 Rh8 43. Be7 Rc8 44. Bd8 Kc6 45. c4 b6 46. Kg2 Kd7 47.
Kf3 Ke6 48. Kf4 f5 49. f3 f6 50. d5+ Kd7 51. Kxf5 Ke8 52. Ke6 Kf8 53. Kd7 Kg7
54. Kxc8 f5 55. Kd7 b5 56. cxb5 Kg6 57. c8=Q Kh5 58. Qc4 Kg6 59. Qf4 Kf7 60.
Qxf5+ Kg7 61. Qg5+ Kf7 62. Qf6+ Kg8 63. Be7 Kh7 64. Qg5 Kh8 65. Bf6+ Kh7 66.
Qg7# {Normal} 1-0

[Event "Rated Blitz game"]
[Site "?"]
[Date "2021.07.19"]
[Round "?"]
[White "axper89"]
[Black "oJUNYHuTANGc0"]
[Result "0-1"]
[WhiteElo "2402"]
[BlackElo "2401"]
[PlyCount "56"]
[EventDate "2021.??.??"]
[EventType "blitz"]

1. e4 e5 2. Nf3 d5 3. d4 dxe4 4. Nxe5 Bd6 5. Bf4 Bf5 6. Bc4 Bg6 7. Nc3 Nf6 8.
Qe2 O-O 9. O-O-O a6 10. Kb1 b5 11. Bb3 Nbd7 12. Nxg6 hxg6 13. Bxd6 cxd6 14.
Nxe4 Re8 15. Nxf6+ Nxf6 16. Qf3 d5 17. Rhe1 Ne4 18. Re3 a5 19. c3 Re6 20. Bc2
Rf6 21. Qe2 Rxf2 22. Qxb5 Nd2+ 23. Ka1 Nc4 24. Re5 Nxe5 25. dxe5 Rxc2 26. Kb1
Rb8 27. Qxb8 Qxb8 28. Kxc2 Qxe5 {Time forfeit} 0-1

[Event "Rated Blitz game"]
[Site "?"]
[Date "2021.07.19"]
[Round "?"]
[White "Blind_chess_1"]
[Black "KamranShirazi"]
[Result "0-1"]
[WhiteElo "2426"]
[BlackElo "2561"]
[PlyCount "84"]
[EventDate "2021.??.??"]
[EventType "blitz"]

1. e4 e5 2. Nf3 d5 3. exd5 e4 4. Qe2 Nf6 5. Nc3 Be7 6. Nxe4 Nxd5 7. Qd1 O-O 8.
d3 f5 9. Nc3 Nxc3 10. bxc3 Bf6 11. d4 Re8+ 12. Be2 Qe7 13. Kf1 c5 14. h4 h6 15.
Bg5 cxd4 16. Bxf6 Qxf6 17. cxd4 Nc6 18. c3 Be6 19. d5 Rad8 20. c4 Bf7 21. Rb1
f4 22. Rxb7 Ne7 23. Qd4 Qa6 24. Rxa7 Qd6 25. Bd3 Qb4 26. g3 Nc6 27. Qxf4 Nxa7
28. Ne5 Rf8 29. Qe4 Rfe8 30. Qh7+ Kf8 31. Qh8+ Bg8 32. Ng6+ Kf7 33. h5 Re1+ 34.
Kg2 Rxh1 35. Kxh1 Qe1+ 36. Kg2 Rd6 37. Nf4 Rd8 38. Ne6 Rc8 39. Qxg7+ Ke8 40.
Qxg8+ Kd7 41. Qf7+ Kd6 42. Qf4+ Qe5 {Time forfeit} 0-1

[Event "Rated Blitz game"]
[Site "?"]
[Date "2021.07.19"]
[Round "?"]
[White "ivo94"]
[Black "Monkey_King"]
[Result "0-1"]
[WhiteElo "2421"]
[BlackElo "2558"]
[PlyCount "40"]
[EventDate "2021.??.??"]
[EventType "blitz"]

1. e4 e5 2. Nf3 d5 3. exd5 e4 4. Qe2 Nf6 5. d3 Bb4+ 6. c3 O-O 7. cxb4 exf3 8.
Qxf3 Re8+ 9. Be2 Bg4 10. O-O Bxf3 11. Bxf3 Nxd5 12. Nc3 Nxc3 13. Bxb7 Ne2+ 14.
Kh1 Nd7 15. Bxa8 Qxa8 16. Be3 Qd5 17. Rad1 Ne5 18. Rfe1 Nxd3 19. Rxe2 Nxf2+ 20.
Bxf2 Qxd1+ {Normal} 0-1

[Event "Rated Rapid game"]
[Site "?"]
[Date "2021.07.19"]
[Round "?"]
[White "dadangsp"]
[Black "liaqat321"]
[Result "1/2-1/2"]
[WhiteElo "2405"]
[BlackElo "2334"]
[PlyCount "79"]
[EventDate "2021.??.??"]
[EventType "rapid"]

1. e4 e5 2. Nf3 d5 3. Nxe5 Bd6 4. d4 dxe4 5. Nc4 Nf6 6. Be2 Bf5 7. Nxd6+ Qxd6
8. c3 O-O 9. Be3 Nc6 10. Qd2 Ng4 11. Bxg4 Bxg4 12. a3 f5 13. Bf4 Qd7 14. d5 Ne7
15. c4 Ng6 16. Nc3 Nxf4 17. Qxf4 a6 18. O-O h6 19. h3 Bh5 20. Qh4 Bf7 21. Rad1
Kh7 22. Qf4 g5 23. Qe3 Rae8 24. Qd4 Bh5 25. Rde1 Bg6 26. c5 f4 27. Nxe4 Qf5 28.
Nc3 f3 29. g4 Qc2 30. Rxe8 Rxe8 31. b4 Bd3 32. Rd1 Be2 33. Nxe2 fxe2 34. Re1
Re4 35. Qf6 Qd3 36. Qf7+ Kh8 37. Qf8+ Kh7 38. Qf7+ Kh8 39. Qf8+ Kh7 40. Qf7+ {
Normal} 1/2-1/2

[Event "Rated Blitz game"]
[Site "?"]
[Date "2021.07.19"]
[Round "?"]
[White "Foodrun22"]
[Black "FourNinetySix"]
[Result "0-1"]
[WhiteElo "2357"]
[BlackElo "2484"]
[PlyCount "72"]
[EventDate "2021.??.??"]
[EventType "blitz"]

1. e4 e5 2. Nf3 d5 3. exd5 Bd6 4. Nc3 Nf6 5. d4 e4 6. Ne5 O-O 7. Bg5 Bf5 8. Be2
h6 9. Bh4 Be7 10. O-O Nxd5 11. Nxd5 Bxh4 12. Ne3 Bh7 13. Bc4 Bf6 14. Qh5 Bxe5
15. dxe5 Qe7 16. Nd5 Qc5 17. Bb3 Na6 18. Qg4 Kh8 19. c3 Rad8 20. Rad1 c6 21.
Ne3 Rxd1 22. Rxd1 Qxe5 23. Nc4 Qf6 24. Nd6 Nc5 25. Nxf7+ Rxf7 26. Bxf7 Qxf7 27.
Qc8+ Bg8 28. Rd8 Qxa2 29. g3 Nd3 30. Qxb7 Nxb2 31. Qxc6 Nd3 32. Rf8 Qb1+ 33.
Kg2 Ne1+ 34. Kh3 Kh7 35. Qc8 Qb5 36. c4 Qh5# {Normal} 0-1

[Event "Rated Blitz tournament 5n3nvKFT"]
[Site "?"]
[Date "2021.07.19"]
[Round "?"]
[White "Streetfightah"]
[Black "ajedrezcosi"]
[Result "1-0"]
[WhiteElo "2441"]
[BlackElo "2206"]
[PlyCount "79"]
[EventDate "2021.??.??"]
[EventType "blitz"]

1. e4 e5 2. Nf3 d5 3. Nxe5 Bd6 4. d4 dxe4 5. Nc4 Nf6 6. Be2 Nc6 7. Nxd6+ Qxd6
8. c3 Bf5 9. Be3 O-O-O 10. Nd2 Bg6 11. h4 Nd5 12. Nc4 Qe7 13. Qb3 f5 14. g3 h6
15. a4 Bf7 16. Qc2 g5 17. O-O-O f4 18. Bd2 e3 19. Be1 Kb8 20. hxg5 hxg5 21.
Rxh8 Rxh8 22. gxf4 gxf4 23. fxe3 fxe3 24. Bf3 Nf4 25. Na3 Bg6 26. Qb3 e2 27.
Rd2 Na5 28. Qb5 b6 29. b4 Nb3+ 30. Kb2 Nxd2 31. Bxd2 Be4 32. Bxe2 c6 33. Bxf4+
Kb7 34. Qe5 Qxe5 35. Bxe5 Re8 36. Nc4 Bd5 37. Nd6+ Ka8 38. Nxe8 c5 39. Nc7+ Kb7
40. Nxd5 {Time forfeit} 1-0

[Event "Rated Blitz game"]
[Site "?"]
[Date "2021.07.19"]
[Round "?"]
[White "z2win"]
[Black "annaly1979"]
[Result "0-1"]
[WhiteElo "2452"]
[BlackElo "2425"]
[PlyCount "64"]
[EventDate "2021.??.??"]
[EventType "blitz"]

1. e4 e5 2. Nf3 d5 3. d4 dxe4 4. Nxe5 Bd6 5. Nc4 Nf6 6. Bg5 h6 7. Nxd6+ Qxd6 8.
Bc1 O-O 9. c3 Nc6 10. Bc4 Bg4 11. Qc2 Rfe8 12. O-O Rad8 13. Re1 Bf5 14. h3 Bg6
15. a4 e3 16. Qxg6 exf2+ 17. Kxf2 Rxe1 18. Bxf7+ Kf8 19. Kxe1 Qe7+ 20. Kf2 Qxf7
21. Qxf7+ Kxf7 22. Bf4 Rd7 23. Nd2 g5 24. Bh2 Ne7 25. Rf1 Kg6 26. Kf3 Ned5 27.
Be5 Nh5 28. Ne4 Nhf4 29. h4 Rf7 30. g3 Nd3+ 31. Kg2 Ne3+ 32. Kg1 Rxf1+ {Normal}
0-1

[Event "Rated Blitz game"]
[Site "?"]
[Date "2021.07.19"]
[Round "?"]
[White "sutcunuri"]
[Black "Fantastic_power06"]
[Result "1-0"]
[WhiteElo "2605"]
[BlackElo "2744"]
[PlyCount "153"]
[EventDate "2021.??.??"]
[EventType "blitz"]

1. e4 e5 2. Nf3 d5 3. exd5 e4 4. Qe2 f6 5. Qxe4+ Ne7 6. Bb5+ Nd7 7. O-O a6 8.
Bxd7+ Qxd7 9. Nc3 Qf5 10. d3 Qxe4 11. dxe4 Bg4 12. Bf4 O-O-O 13. Rfe1 Ng6 14.
Bg3 Bb4 15. h3 Bh5 16. a3 Ba5 17. b4 Bb6 18. Na4 Ba7 19. c4 Rhe8 20. c5 b5 21.
Nc3 Ne7 22. Nd4 Kb7 23. a4 c6 24. d6 Nc8 25. Nf5 Rd7 26. a5 g6 27. Ne3 g5 28.
Nf5 Bg6 29. Kh2 h5 30. h4 g4 31. Bf4 Re6 32. Kg3 Rd8 33. Re3 Ree8 34. Rae1 Rg8
35. R3e2 Rd7 36. Nb1 Re8 37. Nd2 Re6 38. Nb3 Re8 39. Nbd4 Rf8 40. Ne6 Re8 41.
Neg7 Rg8 42. e5 fxe5 43. Bxe5 Rf7 44. Nh6 Rfxg7 45. Nxg8 Rxg8 46. Bf6 Bb8 47.
Be5 Bf5 48. Rd1 Bd7 49. Rd4 Re8 50. Re3 Rf8 51. Rf4 Rg8 52. Rf7 Nxd6 53. Rxd7+
Kc8 54. Rxd6 Bxd6 55. Bxd6 Kd7 56. Re7+ Kd8 57. Ra7 Rg6 58. Rxa6 Re6 59. Rxc6
Kd7 60. Rb6 Re1 61. a6 Ra1 62. Kf4 Ra2 63. f3 Kc8 64. fxg4 hxg4 65. Kxg4 Rxg2+
66. Kf5 Ra2 67. Ke6 Re2+ 68. Kd5 Kd7 69. Rb7+ Ke8 70. Kc6 Ra2 71. a7 Ra6+ 72.
Kxb5 Kd8 73. Rb8+ Kd7 74. a8=Q Ke6 75. Qxa6 Kf5 76. Qb7 Kg4 77. Qb6 {Time
forfeit} 1-0

[Event "Rated Blitz game"]
[Site "?"]
[Date "2021.07.19"]
[Round "?"]
[White "ega2006"]
[Black "elcabusin"]
[Result "1/2-1/2"]
[WhiteElo "2498"]
[BlackElo "2380"]
[PlyCount "119"]
[EventDate "2021.??.??"]
[EventType "blitz"]

1. e4 e5 2. Nf3 d5 3. Nxe5 Bd6 4. d4 dxe4 5. Nc3 Bxe5 6. dxe5 Qxd1+ 7. Nxd1 Nc6
8. Nc3 Bf5 9. Bb5 Nge7 10. h4 O-O-O 11. Bf4 Ng6 12. Bxc6 Nxf4 13. Bxe4 Bxe4 14.
Nxe4 Nxg2+ 15. Ke2 Nf4+ 16. Kf3 Ng6 17. Rad1 Nxe5+ 18. Kg3 f6 19. h5 Rhe8 20.
f3 h6 21. b3 b6 22. a4 a5 23. Kf4 Rxd1 24. Rxd1 Rd8 25. Rg1 Rd7 26. Rg2 Kd8 27.
Ng3 Ke8 28. Nf5 Kf8 29. Ke4 Nf7 30. Kf4 Ng5 31. Re2 Kf7 32. Kg4 Ne6 33. Rf2 Rd1
34. Re2 Rg1+ 35. Ng3 Rd1 36. Ne4 Rd4 37. Rd2 c5 38. Rxd4 Nxd4 39. c3 Nxb3 40.
Nd6+ Ke6 41. Nc4 Nd2 42. Nxb6 Kd6 43. Kf5 Nb1 44. Nc4+ Ke7 45. Nxa5 Nxc3 46.
Nb7 Nxa4 47. Kg6 Kf8 48. Nd6 c4 49. Nxc4 Nc3 50. Ne3 Nd5 51. Nxd5 Kg8 52. Nf4
Kh8 53. Ne6 f5 54. Nxg7 Kg8 55. Nxf5 Kf8 56. Nxh6 Ke8 57. Nf5 Kf8 58. h6 Kg8
59. h7+ Kh8 60. Nh6 {Normal} 1/2-1/2

[Event "Rated Blitz game"]
[Site "?"]
[Date "2021.07.19"]
[Round "?"]
[White "Benga40"]
[Black "blastol"]
[Result "0-1"]
[WhiteElo "2320"]
[BlackElo "2401"]
[PlyCount "24"]
[EventDate "2021.??.??"]
[EventType "blitz"]

1. e4 e5 2. Nf3 d5 3. d4 dxe4 4. Nxe5 Bd6 5. Bc4 Bxe5 6. Qh5 Qe7 7. dxe5 Nc6 8.
Nc3 Nxe5 9. Nd5 Nf6 10. Qg5 Nxd5 11. Qxg7 Qf6 12. Bh6 Nxc4 {Normal} 0-1

[Event "Rated Blitz game"]
[Site "?"]
[Date "2021.07.19"]
[Round "?"]
[White "ChessNoob001"]
[Black "guicle"]
[Result "0-1"]
[WhiteElo "2406"]
[BlackElo "2446"]
[PlyCount "58"]
[EventDate "2021.??.??"]
[EventType "blitz"]

1. e4 e5 2. Nf3 d5 3. Nxe5 Bd6 4. d4 dxe4 5. Nc3 Nf6 6. Bb5+ c6 7. Bc4 O-O 8.
O-O Nbd7 9. Nxd7 Bxd7 10. Bg5 Re8 11. Re1 Bf5 12. Qd2 h6 13. Bh4 Bxh2+ 14. Kxh2
Ng4+ 15. Kg3 Qd6+ 16. Qf4 Qg6 17. Bxf7+ Kxf7 18. f3 Ne3+ 19. Kf2 Qxg2+ 20. Kxe3
exf3+ 21. Qe5 Rxe5+ 22. dxe5 Qxc2 23. Rad1 Re8 24. Kxf3 Qxb2 25. Ne2 Qa3+ 26.
Kf2 Qc5+ 27. Nd4 Rxe5 28. Kg3 Rxe1 29. Rxe1 Qxd4 {Normal} 0-1

[Event "Rated Blitz game"]
[Site "?"]
[Date "2021.07.19"]
[Round "?"]
[White "Endac"]
[Black "blastol"]
[Result "0-1"]
[WhiteElo "2221"]
[BlackElo "2410"]
[PlyCount "36"]
[EventDate "2021.??.??"]
[EventType "blitz"]

1. e4 e5 2. Nf3 d5 3. Nc3 dxe4 4. Nxe4 f5 5. Nc3 e4 6. Ne5 Nf6 7. Bc4 Qd4 8.
Nf7 Qxc4 9. Nxh8 Bb4 10. Qe2 Qc6 11. O-O Be6 12. a3 Bd6 13. f3 Nbd7 14. fxe4
fxe4 15. d3 O-O-O 16. dxe4 Rxh8 17. Bg5 Bc4 18. Qg4 Nxg4 {Normal} 0-1

[Event "Rated Blitz game"]
[Site "?"]
[Date "2021.07.19"]
[Round "?"]
[White "LuukDeGrote"]
[Black "annaly1979"]
[Result "0-1"]
[WhiteElo "2481"]
[BlackElo "2438"]
[PlyCount "162"]
[EventDate "2021.??.??"]
[EventType "blitz"]

1. e4 e5 2. Nf3 d5 3. Nxe5 Qe7 4. d4 f6 5. Nd3 Nc6 6. c3 Bf5 7. Nc5 Bxe4 8.
Nxe4 Qxe4+ 9. Qe2 Bd6 10. Qxe4+ dxe4 11. Bb5 O-O-O 12. Bxc6 bxc6 13. Nd2 f5 14.
Nc4 Re8 15. O-O Nf6 16. Bg5 Nd5 17. Na5 h6 18. Bd2 Kd7 19. c4 Nf4 20. Bxf4 Bxf4
21. Rfd1 e3 22. g3 exf2+ 23. Kxf2 Be3+ 24. Kf3 g5 25. c5 g4+ 26. Kg2 Bg5 27.
Kf1 Rhf8 28. Nc4 f4 29. Ne5+ Kc8 30. Kg2 h5 31. gxf4 Bxf4 32. Re1 Bxe5 33. Rxe5
Rxe5 34. dxe5 Kd7 35. Kg3 Rf3+ 36. Kh4 Rh3+ 37. Kg5 Rxh2 38. Kf6 Rf2+ 39. Kg5
Ke6 40. Kxh5 g3 41. Kg4 g2 42. Rg1 Rxb2 43. Kf4 Rxa2 44. Ke4 Rc2 45. Kd3 Rxc5
46. Rxg2 Rxe5 47. Kd4 Rd5+ 48. Kc4 a5 49. Rg6+ Kd7 50. Rg7+ Kc8 51. Rg6 Kb7 52.
Rh6 Rf5 53. Rg6 Kb6 54. Rg4 Rb5 55. Rg6 a4 56. Rg1 a3 57. Ra1 Ra5 58. Kb3 Kb5
59. Ka2 c5 60. Rb1+ Kc6 61. Ka1 a2 62. Rc1 Ra4 63. Rc2 c4 64. Rc3 Kc5 65. Rc2
Ra3 66. Rb2 c3 67. Rc2 Kc4 68. Rh2 Ra7 69. Rh4+ Kc5 70. Rc4+ Kd5 71. Rxc3 c5
72. Rd3+ Kc4 73. Rd2 Kb4 74. Rb2+ Kc3 75. Rh2 c4 76. Rc2+ Kd4 77. Rc1 Kd3 78.
Rd1+ Kc2 79. Rc1+ Kb3 80. Rc2 Re7 81. Rb2+ Kc3 {Time forfeit} 0-1

[Event "Rated Blitz game"]
[Site "?"]
[Date "2021.07.19"]
[Round "?"]
[White "enricogorgoglione"]
[Black "annaly1979"]
[Result "1-0"]
[WhiteElo "2469"]
[BlackElo "2426"]
[PlyCount "75"]
[EventDate "2021.??.??"]
[EventType "blitz"]

1. e4 e5 2. Nf3 d5 3. exd5 e4 4. Nd4 c5 5. Ne2 f5 6. Nbc3 Nf6 7. g3 Bd6 8. Bg2
O-O 9. d3 Qe8 10. O-O a6 11. Bf4 Be5 12. dxe4 fxe4 13. Qd2 Nbd7 14. Bxe5 Qxe5
15. Rae1 c4 16. Nf4 Nc5 17. f3 g5 18. Nfe2 e3 19. Qd4 Nfd7 20. Qxc4 b5 21. Qd4
Bb7 22. f4 gxf4 23. Rxf4 Rxf4 24. Qxf4 Rf8 25. Qxe5 Nxe5 26. Nf4 b4 27. Nd1 Nc4
28. b3 Na3 29. Nxe3 Re8 30. h4 Ne4 31. Nf5 Nf6 32. Rxe8+ Nxe8 33. d6 Bc8 34.
Ne7+ Kf7 35. Nxc8 Nxd6 36. Nxd6+ Ke7 37. Nf5+ Kf6 38. Nd4 {Normal} 1-0

[Event "Rated Blitz game"]
[Site "?"]
[Date "2021.07.19"]
[Round "?"]
[White "rosagasa"]
[Black "Fantastic_power06"]
[Result "0-1"]
[WhiteElo "2757"]
[BlackElo "2742"]
[PlyCount "34"]
[EventDate "2021.??.??"]
[EventType "blitz"]

1. e4 e5 2. Nf3 d5 3. d4 dxe4 4. Nxe5 Bd6 5. Nc4 Nc6 6. Nxd6+ Qxd6 7. c3 Bf5 8.
Nd2 O-O-O 9. Nc4 Qg6 10. Bf4 Nf6 11. Qb3 Nd5 12. Bg3 h5 13. Bh4 Rde8 14. O-O-O
Qg4 15. g3 g5 16. h3 Qf3 17. Bxg5 Qxh1 {Normal} 0-1

[Event "Rated Blitz game"]
[Site "?"]
[Date "2021.07.19"]
[Round "?"]
[White "Genius_of_the_game"]
[Black "Fantastic_power06"]
[Result "0-1"]
[WhiteElo "2464"]
[BlackElo "2746"]
[PlyCount "22"]
[EventDate "2021.??.??"]
[EventType "blitz"]

1. e4 e5 2. Nf3 d5 3. Nxe5 Bd6 4. d4 dxe4 5. Bc4 Bxe5 6. dxe5 Qxd1+ 7. Kxd1 Nc6
8. Bf4 Nge7 9. Re1 Bg4+ 10. Kc1 Ng6 11. Rxe4 Bf5 {Normal} 0-1

[Event "Rated Blitz game"]
[Site "?"]
[Date "2021.07.19"]
[Round "?"]
[White "Rekcul"]
[Black "Fantastic_power06"]
[Result "1-0"]
[WhiteElo "2747"]
[BlackElo "2759"]
[PlyCount "137"]
[EventDate "2021.??.??"]
[EventType "blitz"]

1. e4 e5 2. Nf3 d5 3. d4 dxe4 4. Nxe5 Bd6 5. Nc4 Nc6 6. c3 Bf5 7. Nxd6+ Qxd6 8.
Nd2 O-O-O 9. Nc4 Qg6 10. Be3 Nf6 11. Qa4 Be6 12. h3 Nd5 13. O-O-O f5 14. g3 Kb8
15. Kb1 Qf7 16. h4 Bc8 17. Be2 g6 18. Bg5 Rde8 19. Na5 Nxa5 20. Qxa5 Nb6 21.
Bf4 Qd5 22. Qxd5 Nxd5 23. Be5 Rhf8 24. c4 Nf6 25. Bf4 Rg8 26. b3 Bd7 27. Kc2
Bc6 28. d5 Bd7 29. Kc3 Kc8 30. b4 Ba4 31. Rd2 Nd7 32. c5 Ne5 33. Re1 a6 34.
Bxe5 Rxe5 35. Bc4 Rd8 36. Kd4 Ree8 37. Ke3 h6 38. Kf4 Rf8 39. Rc1 Kb8 40. d6 c6
41. Ke3 g5 42. hxg5 hxg5 43. Rh1 Rd7 44. Rh6 Ka7 45. Rg6 f4+ 46. gxf4 gxf4+ 47.
Kxe4 Rdd8 48. Re6 f3 49. Re7 Rh8 50. Kxf3 Rdf8+ 51. Rf7 Rd8 52. d7 Rh3+ 53. Kg4
Rhh8 54. Be6 Rhg8+ 55. Kf4 Rh8 56. Ke5 Bb5 57. f4 Bf1 58. f5 Bh3 59. Rh2 a5 60.
a3 Ka6 61. Kd6 axb4 62. axb4 Kb5 63. Rg7 Kxb4 64. Rg3 b6 65. Rhxh3 Rhf8 66.
Rh4+ Kb5 67. Rb3+ Ka6 68. Ra4+ Kb7 69. Rxb6# {Normal} 1-0

[Event "Rated Blitz game"]
[Site "?"]
[Date "2021.07.19"]
[Round "?"]
[White "Fakhriev"]
[Black "oJUNYHuTANGc0"]
[Result "1-0"]
[WhiteElo "2340"]
[BlackElo "2416"]
[PlyCount "103"]
[EventDate "2021.??.??"]
[EventType "blitz"]

1. e4 e5 2. Nf3 d5 3. Nxe5 dxe4 4. d4 Bd6 5. Nc3 Bxe5 6. dxe5 Qxd1+ 7. Nxd1 Nc6
8. Nc3 Nxe5 9. Nxe4 Bf5 10. f3 O-O-O 11. Bf4 Ng6 12. Bg5 Re8 13. Bd3 h6 14. Bd2
Nf6 15. O-O Bxe4 16. fxe4 Nxe4 17. Bxe4 Rxe4 18. Rxf7 Re2 19. Ba5 b6 20. Bc3
Rxc2 21. Rxg7 Nf4 22. Re1 Nd5 23. Rxc7+ Kxc7 24. Bxh8 a5 25. g3 Nb4 26. Re7+
Kd6 27. Rh7 Nxa2 28. Rxh6+ Kc5 29. g4 Nb4 30. g5 Nd5 31. h4 Nf4 32. g6 Rg2+ 33.
Kf1 Rxg6 34. Rxg6 Nxg6 35. Bf6 Kd5 36. h5 Nf8 37. Bd8 Kc6 38. Ke2 a4 39. Kd3 b5
40. Kc3 Nh7 41. h6 Nf8 42. Be7 Nh7 43. Kb4 Kb6 44. Kc3 Kc6 45. Kd4 Kd7 46. Bh4
Kc6 47. Ke5 b4 48. Be7 a3 49. bxa3 bxa3 50. Bxa3 Kd7 51. Kf5 Ke8 52. Kg6 {
Time forfeit} 1-0

[Event "Rated Blitz game"]
[Site "?"]
[Date "2021.07.19"]
[Round "?"]
[White "thefinalzero"]
[Black "GrandeGila"]
[Result "0-1"]
[WhiteElo "2330"]
[BlackElo "2456"]
[PlyCount "40"]
[EventDate "2021.??.??"]
[EventType "blitz"]

1. e4 e5 2. Nf3 d5 3. d3 dxe4 4. dxe4 Qxd1+ 5. Kxd1 Bg4 6. Be2 Nc6 7. c3 O-O-O+
8. Kc2 f5 9. Nbd2 Nf6 10. Bd3 fxe4 11. Bxe4 Nxe4 12. Nxe4 Bf5 13. Re1 Bc5 14.
Bg5 Rd5 15. Rad1 Rxd1 16. Kxd1 Bxe4 17. Rxe4 Bxf2 18. Nxe5 Re8 19. Bf4 g5 20.
Nxc6 Rxe4 {Normal} 0-1

[Event "Rated Blitz game"]
[Site "?"]
[Date "2021.07.19"]
[Round "?"]
[White "Dzhaer"]
[Black "Artem_0degov"]
[Result "0-1"]
[WhiteElo "2425"]
[BlackElo "2683"]
[PlyCount "76"]
[EventDate "2021.??.??"]
[EventType "blitz"]

1. e4 e5 2. Nf3 d5 3. exd5 e4 4. Qe2 Nf6 5. d3 Bb4+ 6. Bd2 O-O 7. Bxb4 exf3 8.
Qxf3 Re8+ 9. Kd2 Nxd5 10. Bc5 Nc6 11. Nc3 Nxc3 12. bxc3 Ne5 13. Qf4 Ng6 14. Qg3
Bf5 15. h4 b6 16. Be3 Ne5 17. Bd4 Qd5 18. Be2 Rad8 19. h5 Qa5 20. Bxe5 Rxe5 21.
h6 Bg6 22. Rh4 Rc5 23. Rb4 Rg5 24. Qh4 Re8 25. Bf3 Rge5 26. hxg7 c5 27. Ra4 Qb5
28. Rc1 Qd7 29. Rg4 Qe6 30. c4 b5 31. cxb5 Qxa2 32. Rh1 Qa5+ 33. c3 Qa2+ 34.
Kd1 Qb1+ 35. Kd2 Qb2+ 36. Kd1 Qxc3 37. Rxg6 Re1+ 38. Rxe1 Rxe1# {Normal} 0-1